000 00730nam a2200277Ia 4500
005 20260121125338.0
008 008 260114s9999 xx 000 0 eng d
020 _a9781487514266
037 _aEBOOK
040 _aCRL
040 _beng
040 _cCRL
041 _2eng
041 _aeng
084 _qCRL
100 _aFriesen, Leonard G.
_9991373
245 0 _aMinority Report: Mennonite Identities in Imperial Russia and Soviet Ukraine Reconsidered, 1789-1945
260 _bWalter de Gruyter
260 _bWalter de Gruyter
260 _c2018
650 _aHistory
_9991374
856 _uhttp://www.degruyter.com/isbn/9781487514266
942 _cEBOOK
999 _c1561312
_d1561312